000 00688nam a2200253Ia 4500
003 OSt
005 20220918220419.0
006 a|||||r|||| 00| 0
007 ta
008 220917b |||||||| |||| 00| 0 eng d
024 _a145,953
037 _cTextual
040 _aARTS
_cARTS
_beng
041 _2eng
_aeng
082 _aY73(Q7).2.N9, N5
100 _aKhalidi Omar
_9137438
245 0 _aIndian muslims since independence
260 _aNew Delhi
_bVikas Publishers
_c1995
300 _a246p.
_ccm.
500 _aAppendix p233-241; Includes Index
650 _aSOCIOLOGY
942 _hY73(Q7).2.N9, N5
_cTEXL
_2CC
999 _c268715
_d268715